| 000 | 00742nam a2200205Ia 4500 | ||
|---|---|---|---|
| 001 | 10157 | ||
| 003 | GE_BSU | ||
| 008 | 181216s||||||||xx |||||||||||||| ||und|| | ||
| 040 | _cGE_BSU | ||
| 080 | _a821.353.1–1 | ||
| 100 | _aსულაბერიძე,ლადო | ||
| 245 | _aრჩეული:ლექსები | ||
| 245 | _cწინასიტყვ. ოთარ ჩხაიძე. რედ. დ.ციგორიშვილი.მხატვ.დ.დონდუა | ||
| 260 | _aთბილისი | ||
| 260 | _bსაბჭოთა საქართველო | ||
| 260 | _c1971 | ||
| 300 | _a451გვ.1ფ.პორტრ.17სმ. | ||
| 653 | _aრჩეული:ლექსები | ||
| 942 | _cBK | ||
| 999 |
_c43427 _d43427 |
||